Countries With The Strongest Passports - Statistics

General Stats
  • This quiz has been taken 100 times
  • The average score is 41 of 50
Answer Stats
MS Answer % Correct
172 United States
99%
172 Canada
98%
173 United Kingdom
98%
174 Sweden
96%
174 Finland
95%
174 Germany
95%
172 Japan
94%
173 Norway
94%
173 Denmark
93%
173 France
93%
172 Greece
93%
173 South Korea
93%
174 Spain
93%
173 Australia
92%
174 Italy
92%
173 New Zealand
92%
174 Switzerland
92%
173 Ireland
90%
173 Poland
90%
173 Portugal
90%
174 Netherlands
89%
168 Croatia
88%
168 Argentina
87%
168 Brazil
87%
169 Iceland
87%
174 Austria
86%
173 Belgium
84%
174 Luxembourg
84%
171 Singapore
84%
151 Mexico
81%
168 Chile
80%
171 Slovakia
80%
172 Slovenia
78%
172 Czech Republic
77%
169 Liechtenstein
77%
172 Lithuania
77%
169 Latvia
76%
170 Estonia
75%
171 Malta
75%
167 Romania
75%
164 Monaco
72%
157 San Marino
71%
181 United Arab Emirates
71%
159 Andorra
65%
163 Bulgaria
64%
168 Uruguay
61%
151 Peru
60%
169 Cyprus
59%
166 Malaysia
58%
157 Barbados
16%
No matching quizzes found
Score Distribution
Percent of People with Each Score
Percentile by Number Answered
Your Score History
You have not taken this quiz